Dos entre dos (Record no. 160536)
[ view plain ]
| 000 -LEADER | |
|---|---|
| campo de control de longitud fija | 01000nam a22002175i 4500 |
| 001 - NÚMERO DE CONTROL | |
| campo de control | 160536 |
| 003 - IDENTIFICADOR DE NÚMERO DE CONTROL | |
| campo de control | ES-MaACL |
| 005 - FECHA Y HORA DE LA ÚLTIMA TRANSACCIÓN | |
| campo de control | 20250824053551.0 |
| 008 - DATOS DE LONGITUD FIJA--INFORMACIÓN GENERAL | |
| campo de control de longitud fija | 041007s1876 sp |||| | spa d |
| 040 ## - FUENTE DE CATALOGACIÓN | |
| Centro catalogador/agencia de origen | CAM |
| Lengua de catalogación | spa |
| Centro/agencia transcriptor | CAM |
| 100 1# - ENTRADA PRINCIPAL--NOMBRE DE PERSONA | |
| Nombre de persona | Navarro, Calisto. |
| 9 (RLIN) | 130413 |
| 245 10 - MENCIÓN DEL TÍTULO | |
| Título | Dos entre dos |
| Resto del título | : juguete cómico-lírico en un acto y en verso / |
| Mención de responsabilidad, etc. | arreglado del francés por Calisto Navarro ; música del mtro. Angel Rubio. |
| 260 ## - PUBLICACIÓN, DISTRIBUCIÓN, ETC. | |
| Lugar de publicación, distribución, etc. | Madrid : |
| Nombre del editor, distribuidor, etc. | [s.n.], |
| Fecha de publicación, distribución, etc. | 1876 ( |
| Fabricante | Imprenta de G. Alhambra) |
| 300 ## - DESCRIPCIÓN FÍSICA | |
| Extensión | 29 p. ; |
| Dimensiones | 18 cm. |
| 490 1# - MENCIÓN DE SERIE | |
| Mención de serie | Biblioteca dramática |
| 500 ## - NOTA GENERAL | |
| Nota general | En port.:Estrenado con aplauso en Madrid, en el teatro Romea,. |
| 700 0# - ENTRADA AGREGADA--NOMBRE PERSONAL | |
| Nombre de persona | Rubio, Angel. |
| 9 (RLIN) | 100337 |
| 830 00 - PUNTO DE ACCESO ADICIONAL DE SERIE-TÍTULO UNIFORME | |
| Título uniforme | Biblioteca dramática |
| 9 (RLIN) | 242024 |
| 852 ## - LOCALIZACIÓN | |
| Ubicación | ES-MaACL |
| Número de control de estantería | F-8578(9) |
| Nota libre | -- Enc. pasta española |
| -- | -- Dedicatoria ms. del autor a Angel Povedano |
| condición física | -- Falto de la cub. original |
| Nota libre | -- Enc. en un vol. facticio formando parte de la col. faciticia "Teatro español moderno", vol. 31 |
| Estatus retirado | Estado de pérdida | Estado de daño | No para préstamo | Colección | Biblioteca de origen | Biblioteca actual | Ubicación en estantería | Fecha de adquisición | Total de préstamos | Signatura topográfica completa | Código de barras | Visto por última vez | Precio de reemplazo | Tipo de ítem Koha |
|---|---|---|---|---|---|---|---|---|---|---|---|---|---|---|
| Libros del s. XIX | Biblioteca del Ateneo de Madrid | Biblioteca del Ateneo de Madrid | Sala Pecera Planta 2 | 17/01/2008 | F-8578(9) | 1168092 | 23/02/2023 | 23/02/2023 | Libro impreso antiguo |
